000 01259nmm a2200301 i 4500
001 174474
003 ES-MaACL
005 20230906215535.0
007 c| |g ||||||a|
008 100427s2004 sp | | s001 0 spa d
020 _a84-8266-487-5
080 _a930.255(460.355 C.)
080 _a016:373.5(460.355 C.)(093)
110 2 _aArchivo Histórico Provincial de Cádiz.
_91455
245 1 0 _aCatálogo de los expedientes de los alumnos del Instituto Columela de Cádiz (1863-1953) [
_hRecurso electrónico] /
_cautores, Manuel Ravina Martín (dir.) ... [et al.].
256 _aDatos.
260 _a[Sevilla] :
_bConsejería de Cultura,
_c[2004]
300 _a1 disco (CD-ROM) ;
_c12 cm.
490 1 _aInstrumentos de descripción ;
_v17
538 _aPentium 100 Mhz-Windows 95; 16 Mb RAM; vídeo 800x600; lector CD-ROM 4x
594 _aTít. tomado de la pantalla del título.
610 2 7 _aArchivo Histórico Provincial de Cádiz-
_vCatálogos.
_91456
610 2 7 _aInstituto de Bachillerato Columela-
_z(Cádiz)-
_vHistoria-
_vFuentes-
_vBibliografías.
_9142604
700 1 _aRavina Martín, Manuel.
_995596
830 0 _aInstrumentos de descripción ;
_v17
_9223698
852 _aES-MaACL
_jROT 2/5/5
_z- CD-ROM
999 _c174474
_d174474